000 00378nam a2200145Ia 4500
008 231217s9999 xx 000 0 und d
041 _aEnglish
082 _a620.076 GKP5;2
100 _aG K Publishers
245 0 _aGate 2008 : Computer science and engineering
260 _c2007
_bG K Publisher
_aNoida
300 _avi+Gate 2007-22+16
300 _cCD3188
942 _cAA
999 _c179660
_d179660